Para no olvidar : (Record no. 197080)

MARC details
000 -LEADER
campo de control de longitud fija 01349nam a2200313 i 4500
001 - NÚMERO DE CONTROL
campo de control 197080
003 - IDENTIFICADOR DE NÚMERO DE CONTROL
campo de control SpMaBN
005 - FECHA Y HORA DE LA ÚLTIMA TRANSACCIÓN
campo de control 20250822063244.0
008 - DATOS DE LONGITUD FIJA--INFORMACIÓN GENERAL
campo de control de longitud fija 250330s2024 sp |||||| 000 | spa|
017 ## - NÚMERO DE COPYRIGHT O DE DEPÓSITO LEGAL
Número de copyright o de depósito legal M 24836-2024
Agencia que asigna Oficina Depósito Legal Madrid
020 ## - NÚMERO INTERNACIONAL ESTÁNDAR DEL LIBRO
Número Internacional Estándar del Libro 9788412946642
040 ## - FUENTE DE CATALOGACIÓN
Centro catalogador/agencia de origen SpMaBN
Lengua de catalogación spa
Centro/agencia transcriptor SpMaBN
Normas de descripción rda
245 10 - MENCIÓN DEL TÍTULO
Título Para no olvidar :
Resto del título Relatos y poemas de la vida /
Mención de responsabilidad, etc. Asociación cultural "Tierra de Esparto".
260 ## - PUBLICACIÓN, DISTRIBUCIÓN, ETC.
Lugar de publicación, distribución, etc. Madrid :
Nombre del editor, distribuidor, etc. Asociación cultural "Tierra de Esparto,
Fecha de publicación, distribución, etc. 2024,
Lugar de fabricación/manufactura Autopublicar.es.
300 ## - DESCRIPCIÓN FÍSICA
Extensión 263 páginas ;
Dimensiones 22 cm.
336 ## - TIPO DE CONTENIDO
Término de tipo de contenido Texto
Fuente rdacontent
337 ## - TIPO DE MEDIO
Nombre/término del tipo de medio sin mediación
Fuente rdamedia
338 ## - TIPO DE SOPORTE
Nombre/término del tipo de soporte volumen
Fuente rdacarrier
655 #0 - TERMINO DE INDIZACIÓN--GENERO/FORMA
9 (RLIN) 176540
Datos o término principal de género/forma Antologías
700 1# - ENTRADA AGREGADA--NOMBRE PERSONAL
Nombre de persona Álvarez Sánchez, David
Término indicativo de función/relación Autor
9 (RLIN) 241953
700 1# - ENTRADA AGREGADA--NOMBRE PERSONAL
Nombre de persona Blanco Rubio, Alberto
Término indicativo de función/relación Autor
9 (RLIN) 241954
700 1# - ENTRADA AGREGADA--NOMBRE PERSONAL
9 (RLIN) 176562
Nombre de persona López Expósito, Ana María
Término indicativo de función/relación Autor
852 ## - LOCALIZACIÓN
Ubicación ES-MaACL
Ubicación en estantería Depósito J
Número de control de estantería N-10503
Anotaciones manuscritas Dedicatoria autógrafa de Ana María López Expósito
Donativo/Legado Donación: Asociación "Tierrra de Esparto"
Encuadernación Encuadernación rústica con solapas
Nota libre En Proceso
itemnumber 206626
903 ## - NOMBRE PERSONAL DE DONANTE
9 176562
a López Expósito, Ana María
e Donante
942 ## - ELEMENTOS DE ENTRADA SECUNDARIOS (KOHA)
Tipo de ítem Koha Libro impreso
Suprimir en OPAC No
Holdings
Estatus retirado Estado de pérdida Fuente del sistema de clasificación o colocación Estado de daño No para préstamo Colección Biblioteca de origen Biblioteca actual Ubicación en estantería Fecha de adquisición Fuente de adquisición Número de control de estantería Total de préstamos Signatura topográfica completa Código de barras Visto por última vez Precio de reemplazo Tipo de ítem Koha
    Clasificación decimal universal     Libros con dedicatorias Biblioteca del Ateneo de Madrid Biblioteca del Ateneo de Madrid Depósito J 20/08/2025 Donación Ateneísta   N-10503 2025-1002 20/08/2025 20/08/2025 Libro impreso